Estatísticas para Regiões de Países

Clique aqui para jogar o quiz

Estatísticas Gerais

  • Esse quiz foi jogado 8 369 vezes
  • A pontuação média é 9 de 21

Estatísticas das Respostas

RegiãoPaís% Correto
ToscanaItália
89%
BavieraAlemanha
78%
Nova InglaterraEstados Unidos
74%
HolandaPaíses Baixos
71%
TasmâniaAustrália
63%
HokkaidoJapão
61%
AndaluziaEspanha
56%
ManchúriaChina
50%
Terra NovaCanadá
44%
SumatraIndonésia
43%
BretanhaFrança
39%
ChiapasMéxico
33%
CornualhaReino Unido
31%
Ossétia do SulGeórgia
29%
AnatóliaTurquia
29%
BoémiaRepública Checa
27%
JutlândiaDinamarca
22%
KamtchatkaRússia
22%
ValôniaBélgica
19%
LuzonFilipinas
15%
GuzerateÍndia
14%

Distribuição das Pontuações

Percentil de Números Respondidos

Porcentagem de Pessoas com Cada Pontuação

Sua Pontuação Histórica

Você não jogou esse quiz